Fr. Conceicao Rodrigues College of Engineering

CAD/CAM: PRINCIPLES AND APPLICATIONS (Record no. 33419)

MARC details
000 -LEADER
fixed length control field 00298nam a2200145Ia 4500
082 ## - DEWEY DECIMAL CLASSIFICATION NUMBER
Classification number 670.285/RAO
100 ## - MAIN ENTRY--PERSONAL NAME
Personal name Rao/P.N.
245 ## - TITLE STATEMENT
Title CAD/CAM: PRINCIPLES AND APPLICATIONS
260 ## - PUBLICATION, DISTRIBUTION, ETC.
Name of publisher, distributor, etc. #N/A
Date of publication, distribution, etc. 2012
366 ## - TRADE AVAILABILITY INFORMATION
Publishers's discount category 20
300 ## - PHYSICAL DESCRIPTION
Extent 768
546 ## - LANGUAGE NOTE
Language note ENGLISH
650 ## - SUBJECT ADDED ENTRY--TOPICAL TERM
Topical term or geographic name entry element PRODUCTION
942 ## - ADDED ENTRY ELEMENTS (KOHA)
Koha item type BOOK
Holdings
Withdrawn status Lost status Damaged status Not for loan Collection Home library Current library Date acquired Source of acquisition Cost, normal purchase price Inventory number Total Checkouts Full call number Barcode Date last seen Cost, replacement price Price effective from Koha item type Date last checked out
        AFT Fr. Agnel's C.Rodrigues College of Engineering AGNEL TECHNICAL COLLEGE LIBRARY 17/03/2023 Vakratund Book House 380.00   2 670.285/RAO AFT8211 19/09/2025 475.00   BOOK 01/09/2025
        AFT Fr. Agnel's C.Rodrigues College of Engineering Fr. Agnel's C.Rodrigues College of Engineering 17/03/2023 Vakratund Book House 380.00 2074/28/03/2013   670.285/RAO AFT8207 17/03/2023 475.00   BOOK  
        AFT Fr. Agnel's C.Rodrigues College of Engineering Fr. Agnel's C.Rodrigues College of Engineering 17/03/2023 Vakratund Book House 380.00     670.285/RAO AFT8208 11/03/2024 475.00   BOOK  
        AFT Fr. Agnel's C.Rodrigues College of Engineering Fr. Agnel's C.Rodrigues College of Engineering 17/03/2023 Vakratund Book House 380.00     670.285/RAO AFT8209 17/03/2023 475.00   BOOK  
        AFT Fr. Agnel's C.Rodrigues College of Engineering Fr. Agnel's C.Rodrigues College of Engineering 17/03/2023 Vakratund Book House 380.00   1 670.285/RAO AFT8210 09/01/2024 475.00   BOOK 05/12/2023